Практический опыт использования геоинформационной системы Zulu 7.0; Интеллектуальные энергосистемы; Т. 2
| Parent link: | Интеллектуальные энергосистемы: труды III Международного молодёжного форума, 28 сентября - 2 октября 2015 г., г. Томск/ Национальный исследовательский Томский политехнический университет (ТПУ).— , 2015 Т. 2.— 2015.— [С. 19-23] |
|---|---|
| Glavni autor: | |
| Autor kompanije: | |
| Daljnji autori: | |
| Sažetak: | Заглавие с титульного экрана |
| Jezik: | ruski |
| Izdano: |
2015
|
| Serija: | Повышение эффективности работы тепловых и атомных электростанций |
| Teme: | |
| Online pristup: | http://earchive.tpu.ru/handle/11683/16269 http://www.lib.tpu.ru/fulltext/c/2015/C43/V2/005.pdf |
| Format: | MixedMaterials Elektronički Poglavlje knjige |
| KOHA link: | https://koha.lib.tpu.ru/cgi-bin/koha/opac-detail.pl?biblionumber=615891 |
MARC
| LEADER | 00000naa2a2200000 4500 | ||
|---|---|---|---|
| 001 | 615891 | ||
| 005 | 20231101132900.0 | ||
| 035 | |a (RuTPU)RU\TPU\conf\14124 | ||
| 035 | |a RU\TPU\conf\14122 | ||
| 090 | |a 615891 | ||
| 100 | |a 20151126d2015 k y0rusy50 ca | ||
| 101 | 0 | |a rus | |
| 102 | |a RU | ||
| 105 | |a y z 101zy | ||
| 135 | |a drcn ---uucaa | ||
| 181 | 0 | |a i | |
| 182 | 0 | |a b | |
| 200 | 1 | |a Практический опыт использования геоинформационной системы Zulu 7.0 |f И. Л. Москалёв |g науч. рук. В. В. Литвак | |
| 203 | |a Текст |c электронный | ||
| 225 | 1 | |a Повышение эффективности работы тепловых и атомных электростанций | |
| 230 | |a 1 компьютерный файл (pdf; 311 Kb) | ||
| 300 | |a Заглавие с титульного экрана | ||
| 320 | |a [Библиогр.: с. 23 (4 назв.)] | ||
| 337 | |a Adobe Reader | ||
| 461 | 1 | |0 (RuTPU)RU\TPU\conf\13656 |t Интеллектуальные энергосистемы |o труды III Международного молодёжного форума, 28 сентября - 2 октября 2015 г., г. Томск |o в 3 т. |f Национальный исследовательский Томский политехнический университет (ТПУ) |d 2015 | |
| 463 | 1 | |0 (RuTPU)RU\TPU\conf\13660 |t Т. 2 |v [С. 19-23] |d 2015 | |
| 610 | 1 | |a труды учёных ТПУ | |
| 610 | 1 | |a электронный ресурс | |
| 610 | 1 | |a практический опыт | |
| 610 | 1 | |a геоинформационные системы | |
| 700 | 1 | |a Москалёв |b И. Л. | |
| 702 | 1 | |a Литвак |b В. В. |c специалист в области теплоэнергетики |c профессор Томского политехнического университета, доктор технических наук |f 1940- |g Валерий Владимирович |2 stltpush |4 727 | |
| 712 | 0 | 2 | |a Национальный исследовательский Томский политехнический университет (ТПУ) |b Энергетический институт (ЭНИН) |b Кафедра атомных и тепловых электростанций (АТЭС) |h 118 |2 stltpush |3 (RuTPU)RU\TPU\col\18683 |
| 801 | 2 | |a RU |b 63413507 |c 20210210 |g RCR | |
| 856 | 4 | |u http://earchive.tpu.ru/handle/11683/16269 | |
| 856 | 4 | |u http://www.lib.tpu.ru/fulltext/c/2015/C43/V2/005.pdf | |
| 942 | |c BK | ||